000 00695nam a22002177a 4500
003 OSt
005 20150325194153.0
008 150220b xxu||||| |||| 00| 0 eng d
020 _a84-96075-86-9
040 _cBMC
082 _a813.5
100 1 _aDos Passos, John
_d1896-1970
_931519
245 1 0 _aManhattan Transfer
_cJohn Dos Pasos ; prólogo de Santos Sanz Villanueva ; [traducción, José Robles Piquer]
260 _a[Barcelona]
_bMDS Books/Mediasat
_c[2002]
300 _a382 p., 1 h.
_c21 cm
490 _a[Biblioteca El Mundo]
595 _aTraducción de: Manhattan Transfer
650 2 4 _917595
_aNovela norteamericana
700 1 _931951
_aRobles Piquer, José
942 _2ddc
_cBK
999 _c18804
_d18804